00592 a2200205 4500260001000000630011500010650003100125100001900156260001000175300001100185245008400196650002400280650001400304650001200318260000900330300001000339100000700349037001000356250002000366 aParis a91 - Geographie. Exploration de la terre, des diverses regions, des divers pays. Voyages. Geographie regionale a9 - GEOGRAPHIE ET HISTOIRE aFuron, Raymond bPayot a401 p. aLa Paléogéographie : essai sur l'évolution des continents et des océans aPaléogéographie aContinent aOcéan c1959 b23 cm lFr a14646 a2è éd. ref.